Diaspora-Greece - Statistics

General Stats
  • This quiz has been taken 409 times
  • The average score is 19 of 26
Answer Stats
Number of immigrants Continent Country % Correct
3.000.000 North America United States of America
99%
720.000 North America Canada
96%
320.000-370.000 Europe Germany
96%
300.000-400.000 Europe United Kingdom
96%
422.234 Oceania Australia
95%
7.572 Europe Italy
92%
85.640 Asia/ Europe Russia
91%
35.747 Europe France
90%
25.000-30.000 South America Brazil
86%
35.000-50.000 South America Argentina
83%
1.150.000 Europe Cyprus
81%
28.500 Europe Bulgaria
79%
200.000-550.000 Europe Albania
77%
25.000 North America Mexico
75%
17.060 Europe Sweden
72%
5.000 Europe Austria
71%
6.513 Europe Romania
71%
12.703 Europe Serbia
69%
91.500 Europe Ukraine
69%
14.799 Europe Belgium
67%
8.340 Europe Switzerland
63%
8.500 South America Chile
61%
10.000-60.000 Asia Israel
57%
15.166 Asia Georgia
42%
12.703 Asia Kazakhstan
28%
9.500 Asia Uzbekistan
20%
No matching quizzes found
Score Distribution
Percent of People with Each Score
Percentile by Number Answered
Your Score History
You have not taken this quiz